Informe del secretario de Estado y Gobernación de Cuba por el período comprendido desde enero 1 a mayo 20 de 1902. (Record no. 184079)

MARC details
000 -LEADER
campo de control de longitud fija 00825nam a2200169 i 4500
001 - NÚMERO DE CONTROL
campo de control 184079
003 - IDENTIFICADOR DE NÚMERO DE CONTROL
campo de control ES-MaACL
005 - FECHA Y HORA DE LA ÚLTIMA TRANSACCIÓN
campo de control 20230906222040.0
007 - CAMPO FIJO DE DESCRIPCIÓN FÍSICA--INFORMACIÓN GENERAL
campo de control de longitud fija t|
008 - DATOS DE LONGITUD FIJA--INFORMACIÓN GENERAL
campo de control de longitud fija 150312q1902 xxu ||||1| spa d
245 00 - MENCIÓN DEL TÍTULO
Título Informe del secretario de Estado y Gobernación de Cuba por el período comprendido desde enero 1 a mayo 20 de 1902.
260 ## - PUBLICACIÓN, DISTRIBUCIÓN, ETC.
Lugar de publicación, distribución, etc. [Cuba :
Nombre del editor, distribuidor, etc. s.n.,
Fecha de publicación, distribución, etc. 1902?]
300 ## - DESCRIPCIÓN FÍSICA
Extensión 1 v. (pag. var.) ;
Dimensiones 24 cm.
594 ## - Nota al título y mención de responsabilidad
Nota al título y mención de responsabilidad En anteport.: Primera parte: Informes del doctor Diego Tamayo, secretario de Estado y Gobernación . Capitán H.J. Slocum, superintendente de la Guardia Rural . Capitán F.S. Foltz, superintendente de la Policía de la Habana y del señor M.C. Fosnes, director general de Correos.
651 #4 - PUNTO DE ACCESO ADICIONAL DE MATERIA--NOMBRE GEOGRÁFICO
Nombre geográfico Cuba-
Subdivisión general Historia-
Subdivisión cronológica 1899-1902, Intervención norteamericana.
9 (RLIN) 149193
852 ## - LOCALIZACIÓN
Ubicación ES-MaACL
Número de control de estantería G-6809
Holdings
Estatus retirado Estado de pérdida Estado de daño No para préstamo Biblioteca de origen Biblioteca actual Ubicación en estantería Fecha de adquisición Fuente de adquisición Total de préstamos Signatura topográfica completa Código de barras Visto por última vez Precio de reemplazo Tipo de ítem Koha
        Biblioteca del Ateneo de Madrid Biblioteca del Ateneo de Madrid Depósito 2 12/03/2015     G-6809 1193590 23/02/2023 23/02/2023 Libro impreso